[Event "GER-chT U16"]
[Site "Magdeburg"]
[Date "2023.12.27"]
[Round "2.7"]
[White "Aravindan, Midhulan"]
[Black "Strauss, Florian"]
[Result "1-0"]
[WhiteElo "1704"]
[BlackElo "1454"]
[PlyCount "51"]
[EventDate "2023.12.26"]
[EventType "team-swiss"]
[EventRounds "7"]
[EventCountry "GER"]
[SourceTitle "CB03_2024"]
[SourceDate "2024.01.17"]
[SourceVersion "1"]
[SourceVersionDate "2024.01.17"]
[SourceQuality "1"]
[WhiteTeam "Porz SG"]
[BlackTeam "Ingelheim"]
[WhiteTeamCountry "GER"]
[BlackTeamCountry "GER"]

1. e4 d5 2. exd5 Nf6 3. d4 Nxd5 4. c4 Nf6 5. Nc3 Bg4 6. Be2 Bxe2 7. Ngxe2 e6 8. Bf4 Bd6 9. Bg5 h6 10. Bh4 Nbd7 11. f3 c5 12. d5 exd5 13. Nxd5 Qa5+ 14. Nec3 Be5 15. 0-0 Bd4+ 16. Kh1 Nxd5 17. Nxd5 0-0 18. Qb3 Nb6 19. Ne7+ Kh8 20. Nf5 Qd2 21. Rad1 Qf4 22. g4 Bf6 23. Bxf6 gxf6 24. Qc3 Qe5 25. Qd2 Rfd8 26. Qxh6+ 1-0

[Event "GER-chT U14"]
[Site "Willingen"]
[Date "2022.08.16"]
[Round "7.10"]
[White "Strauss, Florian"]
[Black "Le, Dinh An"]
[Result "1/2-1/2"]
[WhiteElo "1527"]
[BlackElo "1470"]
[PlyCount "57"]
[EventDate "2022.08.13"]
[EventType "team-swiss"]
[EventRounds "7"]
[EventCountry "GER"]
[SourceTitle "EXT 2023"]
[Source "ChessBase"]
[SourceDate "2022.10.05"]
[SourceVersion "1"]
[SourceVersionDate "2022.10.05"]
[SourceQuality "1"]
[WhiteTeam "Ingelheim"]
[BlackTeam "Paderborn"]
[WhiteTeamCountry "GER"]
[BlackTeamCountry "GER"]

1. e4 d6 2. d4 Nf6 3. Nc3 Nbd7 4. Bc4 e5 5. Nf3 h6 6. dxe5 dxe5 7. h3 c6 8. a4 a5 9. Be3 Qc7 10. Qd3 Nc5 11. Bxc5 Bxc5 12. Ke2 0-0 13. Qd2 Rd8 14. Qc1 Bb4 15. g4 Bxc3 16. bxc3 Nxe4 17. Qe3 Nd6 18. Bb3 Re8 19. g5 Nf5 20. Qc1 e4 21. Nd4 Nxd4+ 22. cxd4 e3 23. gxh6 Qf4 24. fxe3 Qxh6 25. Rf1 Be6 26. Bxe6 Rxe6 27. Rf3 Rae8 28. Ra3 Qg5 29. Qf1 1/2-1/2

[Event "Heusenstamm Sparkassen op U14 6th"]
[Site "Heusenstamm"]
[Date "2019.11.24"]
[Round "5"]
[White "Jelinek, Tim F"]
[Black "Strauss, Florian"]
[Result "0-1"]
[WhiteElo "1224"]
[BlackElo "1231"]
[PlyCount "108"]
[EventDate "2019.11.21"]
[EventType "swiss"]
[EventRounds "7"]
[EventCountry "GER"]
[SourceTitle "CBM 194 Extra"]
[Source "ChessBase"]
[SourceDate "2020.03.31"]
[SourceVersion "1"]
[SourceVersionDate "2020.03.31"]
[SourceQuality "1"]

1. d4 Nf6 2. Bf4 e6 3. e3 c5 4. c3 cxd4 5. cxd4 Bb4+ 6. Nc3 Nd5 7. Nge2 Qa5 8. Qc2 0-0 9. a3 Bxc3+ 10. Nxc3 Nxf4 11. exf4 Nc6 12. Qd2 d5 13. Bd3 f5 14. 0-0 Nxd4 15. Bc2 Nb5 16. b4 Qb6 17. Na4 Qc7 18. Bb3 b6 19. Bxd5 Rd8 20. Bxe6+ Bxe6 21. Qe2 Bc4 22. Qf3 Bxf1 23. Kxf1 Qc4+ 24. Kg1 Rac8 25. h3 Qc2 26. Nxb6 axb6 27. a4 Nd4 28. Qe3 Qc4 29. b5 Nc2 30. Rc1 Nxe3 31. Rxc4 Nxc4 32. g4 fxg4 33. hxg4 Nb2 34. Kg2 Nxa4 35. g5 Rd3 36. f3 Rcc3 37. Kg3 Rxf3+ 38. Kg4 Rf2 39. g6 Rg2+ 40. Kf5 Rc5+ 41. Ke4 hxg6 42. Kf3 Rb2 43. Kg4 Rb4 44. Kg3 Nc3 45. Kf3 Ne2 46. Kxe2 Rxf4 47. Ke3 Rfc4 48. Kd3 Ra4 49. Ke3 Rh4 50. Kf3 Rxb5 51. Kg3 Ra4 52. Kf3 Rb3+ 53. Kf2 Ra2+ 54. Ke1 Rb1# 0-1

[Event "Heusenstamm Sparkassen op U14 6th"]
[Site "Heusenstamm"]
[Date "2019.11.23"]
[Round "3"]
[White "Eull, Emil"]
[Black "Strauss, Florian"]
[Result "1-0"]
[WhiteElo "1504"]
[BlackElo "1231"]
[PlyCount "79"]
[EventDate "2019.11.21"]
[EventType "swiss"]
[EventRounds "7"]
[EventCountry "GER"]
[SourceTitle "CBM 194 Extra"]
[Source "ChessBase"]
[SourceDate "2020.03.31"]
[SourceVersion "1"]
[SourceVersionDate "2020.03.31"]
[SourceQuality "1"]

1. e4 d5 2. exd5 Nf6 3. Nf3 Nxd5 4. d4 Bg4 5. Be2 e6 6. c4 Nf6 7. h3 Bxf3 8. Bxf3 c6 9. 0-0 Be7 10. Nc3 0-0 11. Re1 Re8 12. Bf4 Nbd7 13. Rc1 Nb6 14. Ne4 Nxe4 15. Bxe4 Bg5 16. Bxg5 Qxg5 17. Rc3 g6 18. Ree3 Qf6 19. Rf3 Qg7 20. c5 Nd5 21. Bxd5 exd5 22. Rfe3 Re4 23. Rxe4 dxe4 24. d5 Rd8 25. d6 f5 26. Qa4 a6 27. Rb3 h5 28. Qc4+ Qf7 29. Qxf7+ Kxf7 30. Rxb7+ Ke6 31. Kf1 Kd5 32. b4 Kc4 33. Rb6 a5 34. Rxc6 axb4 35. Rc7 Kd5 36. Ke2 f4 37. h4 Ra8 38. d7 Rxa2+ 39. Kd1 Ra1+ 40. Kc2 1-0

[Event "Heusenstamm Sparkassen op U14 6th"]
[Site "Heusenstamm"]
[Date "2019.11.22"]
[Round "1"]
[White "Ninnemann, Patrick"]
[Black "Strauss, Florian"]
[Result "0-1"]
[WhiteElo "892"]
[BlackElo "1231"]
[PlyCount "58"]
[EventDate "2019.11.21"]
[EventType "swiss"]
[EventRounds "7"]
[EventCountry "GER"]
[SourceTitle "CBM 194 Extra"]
[Source "ChessBase"]
[SourceDate "2020.03.31"]
[SourceVersion "1"]
[SourceVersionDate "2020.03.31"]
[SourceQuality "1"]

1. e4 d5 2. exd5 Nf6 3. Nc3 Nxd5 4. Nxd5 Qxd5 5. c4 Qe5+ 6. Qe2 Qxe2+ 7. Nxe2 e5 8. Nc3 Bc5 9. g3 Be6 10. d3 0-0 11. Bg2 Nc6 12. 0-0 Rfd8 13. Nd5 Bxd5 14. cxd5 Nb4 15. Bg5 f6 16. Be3 Bxe3 17. fxe3 Nxd3 18. b3 Nb4 19. d6 cxd6 20. Bxb7 Rab8 21. Bf3 Nc2 22. Bd5+ Kf8 23. Kf2 Nxa1 24. Rxa1 Rb5 25. e4 Rc5 26. Ke3 Rdc8 27. b4 Rc3+ 28. Kd2 Rc2+ 29. Kd3 R8c3# 0-1

[Event "Bad Soden U14 op"]
[Site "Bad Soden"]
[Date "2019.10.04"]
[Round "2"]
[White "Strauss, Florian"]
[Black "Miranda Martin, Pablo Mateo"]
[Result "0-1"]
[WhiteElo "1127"]
[BlackElo "1606"]
[PlyCount "58"]
[EventDate "2019.10.03"]
[EventType "swiss"]
[EventRounds "9"]
[EventCountry "GER"]
[SourceTitle "CBM 192 Extra"]
[Source "Chessbase"]
[SourceDate "2019.11.06"]
[SourceVersion "1"]
[SourceVersionDate "2019.11.06"]
[SourceQuality "1"]

1. e4 c5 2. Nf3 Nc6 3. c4 Nf6 4. d3 d6 5. Bg5 h6 6. Bf4 Nh5 7. Be3 Nf6 8. Be2 Bg4 9. Nc3 e5 10. h3 Bh5 11. 0-0 Be7 12. Qa4 0-0 13. Qb5 Qd7 14. Nd5 a6 15. Nxe7+ Qxe7 16. Qb3 Rfb8 17. a4 Ne8 18. Rfb1 Nc7 19. Qd1 Ne6 20. Nxe5 Bxe2 21. Nxc6 bxc6 22. Qxe2 Rb7 23. Qg4 Qf6 24. Qe2 Rab8 25. Ra2 Rb3 26. Qc2 Nd4 27. Qd2 R3b4 28. Bxd4 Qxd4 29. Qc3 Qxc3 0-1